00622nam a22001697a 4500999001700000008004100017020001400058050002100072100002100093245007300114260005100187300002400238650001400262700002200276942003600298952011800334 c11070d11070160223b xxu||||| |||| 00| 0 eng d a013767294 aBC 177 .P56 1993 aPinto, Robert C. aReasoning/ba practical guide/cRobert C. Pinto and J. Anthony Blair aEnglewood Cliffs, N.J.:bPrentice Hall,c1993. aiv, 136p.; c28 cm. aReasoning aBlair, J. Anthony 2lcccBOOKShBC 177 .P56 199301 00102lcc4070aMUCbMUCcGENd2016-02-23l2oBC 177 .P56 1993p20613r2022-10-26s2022-10-18w2016-02-23yBOOKS